000 00805nam a22002177a 4500
003 UA-OsUOA
001 60663
007 ta
008 20090601b un ||||| |||| 00| 0 ukr d
100 _aКовшова М.Л.
090 _a81
_bК56
942 _cSA
040 _aUA-OsUOA
_brus
_cUA-OsUOA
_dUA-OsUOA
245 _aЛингвистический анализ текста (речевая манипуляция)
300 _aС.46-56
955 _a0
041 _arus
080 _a81
773 0 _w60661
_tВестник Московского университета. Серия 19. Лингвистика и межкультурная коммуникация
_dМ.
_d2009
_g1
650 7 _a8 Мовознавство. Художня література. Літературознавство
_2UDC
999 _c346479
_d346479